000 01812nam a2200241Ia 4500
003 Ost
005 20260507075553.0
008 260507s9999||||xx |||||||||||||| ||und||
020 _a9960246086
040 _cfsecg
041 _aara
082 _a0
100 _aمكليود، رايموند
_eمؤلف
245 0 _aنظم المعلومات الادارية /
_c رايموند مكليود
260 _aالرياض:
_bدار المريخ للنشر,
_c2006
300 _a960 صفحة؛
_bإيضاحات ؛
_c24 سم
504 _aمراجع ص.949, نلاحق ص.825
520 _aمقدمة لنظام المعلومات المعتمد على الحاسب و استخدام تقنية المعلومات كميزة تنافسية و استخدام تقنية المعلومات في الدخول في التجارة الالكترونية و كذلك استخدام الحاسب في السوق العالمي مع ذكر التضمينات الاخلاقية لتقنية المعلومات و مفاهيم النظم و منهجيات دورة حياة النظام و أساسيات تشغيل الحاسب و قاعدة البيانات و نظام ادارة قاعدة البيانات و اتصالات البيانات و نظام المعلومات المحاسبية اضافة الى نظام المعلومات الادارية ونظم دعم القرارات و المكتب الافتراضي و نظم معلومات المشأة و نظم معلومات منفذي الادارة العليا و كذا نظم معلومات التسويق و نظام معلومات موارد المعلومات .
653 _aالادارة
653 _aنظم المعلومات- المؤسسة الممتدة
700 _aشيل، جيورج
_eمؤلف ثانوي
942 _cكتاب
999 _c44938
_d44938